|
|
|
|
| LEADER |
00000cam a2200000 4500 |
| 001 |
vtls011911335 |
| 003 |
SK-MaSNL |
| 005 |
20260301144852.0 |
| 008 |
210624s2019 xo oa br 000 j slo |
| 015 |
|
|
|a SNBA2020/07
|
| 020 |
|
|
|a 9788096992072
|q (viazané)
|
| 035 |
|
|
|a 18DE0C9B-AEA7-440A-967E-89030A336237
|
| 035 |
|
|
|a urn:nbn:sk:snk-am3ifu1
|
| 035 |
|
|
|a urn:nbn:sk:snk-am00e8p9
|
| 040 |
|
|
|a SNK
|b slo
|c SNK
|e rda
|
| 041 |
0 |
|
|a slo
|
| 044 |
|
|
|a xo
|c SK
|
| 072 |
|
7 |
|a 821.162.4-3
|x Slovenská próza
|2 konspekt
|
| 072 |
|
7 |
|a 821-93
|x Literatúra pre deti a mládež (beletria)
|2 konspekt
|
| 080 |
|
|
|a 502.2
|2 2011
|
| 080 |
|
|
|a 821.162.4-34
|2 2011
|
| 080 |
|
|
|a 82-34:808.1
|2 2011
|
| 080 |
|
|
|a 82-93-053.4/.5
|2 2011
|
| 100 |
1 |
|
|a Erdelská, Oľga,
|d 1933-2022
|4 aut
|9 114707
|
| 245 |
1 |
0 |
|a Rozprávky a príhody z našej prírody
|c Oľga Erdelská
|
| 250 |
|
|
|a Prvé vydanie
|
| 264 |
|
1 |
|a V Modre
|b Modranská muzeálna spoločnosť
|c 2019
|
| 300 |
|
|
|a 80 strán
|b ilustrácie
|c 24 cm
|
| 336 |
|
|
|a text
|b txt
|2 rdacontent
|
| 336 |
|
|
|a statický obraz
|b sti
|2 rdacontent
|
| 337 |
|
|
|a bez média
|b n
|2 rdamedia
|
| 338 |
|
|
|a zväzok
|b nc
|2 rdacarrier
|
| 500 |
|
|
|a Obsahuje biografické údaje o autorke na zadnej obálke
|
| 650 |
0 |
7 |
|a príroda
|2 SNKPH
|9 3813
|
| 650 |
0 |
7 |
|a Nature
|2 SNKPHeng
|9 267314
|
| 655 |
|
7 |
|a slovenské rozprávky
|2 SNKPH
|9 70528
|
| 655 |
|
7 |
|a Slovak fairy tales
|2 SNKPHeng
|9 292250
|
| 655 |
|
7 |
|a autorské rozprávky
|2 SNKPH
|9 70727
|
| 655 |
|
7 |
|a Author fairy tales
|2 SNKPHeng
|9 283778
|
| 655 |
|
7 |
|a literatúra pre deti
|2 SNKPH
|9 87135
|
| 655 |
|
7 |
|a Children's literature
|2 SNKPHeng
|9 276039
|
| 700 |
1 |
|
|a Cpin, Peter,
|d 1947-
|4 ill
|9 98398
|
| 700 |
1 |
|
|a Jančovičová, Viera
|4 edt
|9 318733
|
| 752 |
|
|
|a Modra
|d Slovensko
|
| 919 |
|
|
|a 978-80-969920-7-2
|
| 958 |
|
|
|a LX
|
| 958 |
|
|
|a DB
|
| 999 |
|
|
|c 778438
|d 780368
|
| 952 |
|
|
|a SNK
|b SNK
|y PREZ
|7 0
|p 17A1427107
|o snkSC 189010
|i snk2020/10558
|8 0
|0 0
|1 0
|4 0
|d 2020-06-16
|f 1
|l 0
|r 2025-10-06 00:00:00
|w 2026-02-24
|
| 952 |
|
|
|a SNK
|b SNK
|y VYP
|7 0
|p 17A1427108
|o snkSC 189010 D1
|i snk2020/10559
|8 0
|0 0
|1 0
|4 0
|d 2020-06-16
|l 0
|r 2026-02-24 00:56:32
|w 2026-02-24
|